| 000 | 01115cam a22003255a 4500 | ||
|---|---|---|---|
| 001 | 123033 | ||
| 005 | 20230404125640.0 | ||
| 008 | 121005s2012 nyu 000 0 spa | ||
| 035 | _a17485253 | ||
| 925 | 0 |
_aacquire _b2 shelf copies _xpolicy default |
|
| 942 |
_2lcc _ccd |
||
| 010 | _a 2012950979 | ||
| 020 | _a9780873487610 (alk. paper) | ||
| 040 |
_aDLC _cDLC |
||
| 042 | _apcc | ||
| 050 | 1 | 4 | _aCD F |
| 100 | 1 |
_aWaters, Mary-Alice, _d1942- |
|
| 245 | 1 | 0 |
_aChe Guevara y la lucha por el socialismo hoy / _cMary-Alice Waters. |
| 260 |
_aNew York, NY : _bPathfinder Press, _c2012. |
||
| 300 |
_a46 p. ; _c22 cm. |
||
| 500 | _aEn la cubierta: Cuba hace frente a la crisis mundial de los años 90. | ||
| 600 | 1 | 0 |
_aGuevara, Che, _d1928-1967. |
| 651 | 0 |
_aCuba _xHistory _yRevolution, 1959. |
|
| 650 | 0 |
_aSocialism _zCuba. |
|
| 600 | 1 | 4 |
_aGuevara, Ernesto, _d1928-1967. |
| 651 | 4 |
_aCuba _xHistoria _yRevolución,1959 |
|
| 650 | 4 |
_aSocialismo _zCuba. |
|
| 963 | _aJanice Prescott; phone: (404) 669-0600; fax: (707) 667-1141; email: orders@pathfinderpress.com; bc: orders@pathfinderpress.com | ||
| 946 | _aJaaM | ||
| 999 |
_c1867 _d1867 |
||